000 00596nam a2200229Ia 4500
005 20260115174159.0
008 008 260114s9999 xx 000 0 eng d
020 _a9781009119948
037 _aEBOOK
040 _aCRL
_beng
_cCRL
041 _aeng
_2eng
084 _qCRL
100 _aFaria
_9897579
245 0 _aAnimal Ethics in the Wild
260 _bCambridge University Press
260 _bCambridge University Press
260 _c2023
650 _aPhilosophy
_9897580
856 _uhttps://doi.org/10.1017/9781009119948
942 _cEBOOK
999 _c1490495
_d1490495